000 00992nam a22002297a 4500
003 UA-OsUOA
001 31994
007 ta
008 20050119b un ||||| |||| 00| 0 ukr d
090 _a94(477)
_bН-34
942 _cBK
040 _aUA-OsUOA
_bukr
_cUA-OsUOA
_dUA-OsUOA
245 _aІсторичі віхи Слобідськоої України: XVII-початок XX cт.
_bНаукова збірка праць учасників наукової конференції "Визвольна боротьба українського народу під керівництвом Богдана Хмельницького за українську державнісь"
_cРед. В.І.Танцюра В. І.Семенко Д. М.Чорний Є. В.Федоров
300 _a151 с.
955 _a0
041 _aukr
080 _a94(477)
260 _bХМБФ"Центр Освітніх Ініціатив"
_c1997
044 _aUA
650 7 _2UDC
999 _c318431
_d318431